| 000 | 00392nam a22001457a 4500 | ||
|---|---|---|---|
| 020 | _qPB. | ||
| 040 | _cFIZZA ISHAQ | ||
| 082 |
_a005.133 _bIGO |
||
| 100 |
_aFOURES, DIMITRY MILOVANOVIC IGOR. _989150 |
||
| 245 |
_aPYTHON DATA VISUALIZATION COOK BOOK / _cIGOR MILOVANOVIC DIMITRY FOURES. |
||
| 250 | _a2nd ED. | ||
| 260 |
_aLONDON ; _bPACKT, _c2015. |
||
| 300 | _a281 P. ; | ||
| 942 |
_2ddc _cBK |
||
| 999 |
_c587970 _d587970 |
||